000 02059nam a22002177a 4500
003 OSt
005 20220609093944.0
008 220609b ||||| |||| 00| 0 spa d
020 _a9789585118768
040 _cCO*-MqBPB
082 _a701.18
_bG17d
100 _aGarcia Marquez, Gabriel.
_d1927-2014
245 _aDos soledades/
_bUn diálogo sobre la novela en América Latina.
_cGabriel Garcia Marquez
264 _aBogotá:
_bPenguin Random House:
_c2021
300 _a168 pag.
_bTapa Rústica.
_c24 cm.
490 _aNarrativa Hispánica
500 _aDOS SOLEDADES: UN DIÁLOGO SOBRE LA NOVELA EN AMÉRICA LATINA En septiembre de 1967, unos jóvenes Gabriel García Márquez y Mario Vargas Llosa se reunieron en Lima para hablar de literatura latinoamericana. El primero había vendido ya miles de ejemplares de Cien años de soledad. El segundo acababa de ganar el Premio Rómulo Gallegos por La casa verde. Hoy ambos son considerados universalmente dos de los máximos exponentes de la literatura en español, pero por aquel entonces eran dos jóvenes que estaban empezando su carrera como novelistas. En Dos soledades se sitúan frente a frente dos escritores, dos genios literarios, dos maneras diferentes de entender la literatura, dos temperamentos en cierto modo contradictorios, dos formas distintas de narrar. Son los tiempos en que el boom se está gestando, en los que todavía no se ha acuñado nombre para lo que hoy conocemos como «realismo mágico». En estas páginas apasionantes, el lector asiste a una conversación sin igual. La edición incorpora textos de Juan Gabriel Vásquez, Luis Rodríguez Pastor, José Miguel Oviedo, Abelardo Oquendo, Abelardo Sánchez León y Ricardo González Vigil, quienes rememoran, la mayoría en calidad de testigos, aquel diálogo; y, además, dos entrevistas al escritor colombiano, una selección fotográfica, y la valoración que hace hoy Vargas Llosa de la vida y obra de García Márquez.
650 _2Narrativa
_vHispánoamerica
700 _aMario Vargas LLosa
_dAutor
942 _2ddc
_cBK
999 _c14326
_d14326